Proficiency masterclass : student's book /

In sickness and in health. First impressions. Safety and danger. Stranger than fiction. It broadens the mind. Art for art's sake? Only flesh and blood. Words speak volumes. The call of the Wild...

Guardado en:
Detalles Bibliográficos
Autor principal: Gude, Kathy.
Otros Autores: Duckworth, Michael.
Formato: Libro
Lenguaje:English
Publicado: Oxford : Oxford University Press, 1994.
Materias:
Etiquetas: Agregar Etiqueta
Sin Etiquetas, Sea el primero en etiquetar este registro!
Thư viện lưu trữ: Mạng thư viện Đại học Đà Nẵng
LEADER 01345nam a2200337 a 4500
001 000042020
003 7330
005 20190916141237.0
008 171030s1994
020 |a 0194328236 
040 |a lnn  |c lnn  |d lnn 
041 0 |a eng 
082 1 4 |a 428.24  |b GU-K 
100 1 |a Gude, Kathy. 
245 0 0 |a Proficiency masterclass :  |n student's book /  |c Kathy Gude, Michael Duckworth. 
260 |a Oxford :  |b Oxford University Press,  |c 1994. 
300 |a ii, 217 p. :  |b col. ill. ;  |c 27.5cm. 
520 3 |a In sickness and in health. First impressions. Safety and danger. Stranger than fiction. It broadens the mind. Art for art's sake? Only flesh and blood. Words speak volumes. The call of the Wild... 
630 0 4 |a English language. 
630 0 4 |a Foreign speakers. 
650 0 4 |a English language  |x Study and teaching  |x Textbooks for foreign speakers. 
700 1 |a Duckworth, Michael. 
OWN |a LNN 
AVA |a UDN50  |b LNN  |c English  |d 428.24 GU-K  |e available  |t Error 5001 Not defined in file expand_doc_bib_avail.  |f 1  |g 0  |h N  |i 0  |j AN  |k 1 
999 |a From the UDN01 
AVA |a UDN50  |b LNN  |c English  |d 428.24 GU-K  |e available  |t Error 5001 Not defined in file expand_doc_bib_avail.  |f 1  |g 0  |h N  |i 0  |j AN  |k 1 
TYP |a Monograph 
TYP |a Printed language 
980 |a Mạng thư viện Đại học Đà Nẵng